| 000 | 00712nam a2200229 u 4500 | ||
|---|---|---|---|
| 005 | 20240228064021.0 | ||
| 008 | 101206s2009 r 000 0 eng d | ||
| 020 | _a9788496870192 | ||
| 035 | _aUPN01000178880 | ||
| 049 | _aI | ||
| 050 | 4 |
_aQH541.14 _bG3.6 |
|
| 100 | 1 |
_aGalán Camacho, Felipe, _d1974- |
|
| 245 | 1 | 0 |
_aOperación ozono / _cFelipe Galán Camacho ; il. Carmen María Gómez Nogales. |
| 260 |
_aMadrid : _bEdimáter, _c2009. |
||
| 300 |
_a110 p. : _bil. |
||
| 440 | 3 |
_aLa osa menor ; _v6 |
|
| 650 | 4 |
_aECOLOGIA - _vLITERATURA JUVENIL _911238 |
|
| 650 | 4 |
_aNATURALEZA - _xCONSERVACION _924 |
|
| 650 | 4 |
_aLibros y lectura para niños _92290 |
|
| 650 | 2 |
_aMedio ambiente _95286 |
|
| 905 | _aInfantil | ||
| 999 |
_c150983 _d150983 |
||